000 01514njm a2200361Ia 4500
001 25886
003 IT-RoPAU
005 20220918181110.0
008 131025s9999 xx 000 0 und d
040 _aIT-RoPAU
040 _cIT-RoPAU
999 _c98877
_d98877
999 _bSI
100 _aMonk Thelonious
_914714
100 _eAutore musica
_914715
100 _gCodice autore musica SPICS: 10795
_914716
245 _aMonk On Riverside 1957-58, vol. 08
250 _a2a ed.
260 _aMILANO
260 _bRIVERSIDE RECORDS
_c1984 [1a Ed.:1957 - Ed. Lingua Orig.: 1957]
300 _aDISCO
300 _c40 minuti (Testo: pag.)
500 _aMusica jazz
505 _aI Mean You - Rhythm A Ning - Round Midnight [(agosto 1957) (9:00)] - Sweet and Lovely [(agosto 1957) (8:00)]
511 _aMulligan Gerry: baritone sax; Monk Theolonoius: piano; Ware Wilson: drums
650 _aJAZZ [DISCHI]
_eCodice MATERIA SPICS: 9950
_914717
700 _aMonk Thelonious
_eInterprete
_gCodice interprete SPICS: 10795
_914718
700 _aMonk Thelonious
_gCodice autore musica SPICS: 10795
_eAutore musica
_pRound Midnight
_914719
700 _aWilliams
_gCodice autore SPICS: 20150
_eAutore
_pRound Midnight
_914720
700 _aArnheim
_gCodice autore musica SPICS: 21463
_eAutore musica
_pSweet and Lovely
_914721
700 _aTobias
_gCodice autore SPICS: 27926
_eAutore
_pSweet and Lovely
_914722
700 _aLemare
_gCodice autore testo/musica SPICS: 27927
_eAutore testo/musica
_pSweet and Lovely
_914723
942 _cMD
_2ddc